000 01391nam a2200349 c 4500
003 BLK
005 20250725160719.0
008 180409b bul|||||r ||||||| ||bul||
010 _aKNG00136424000
020 _a978-954-26-1149-3
_bиздат.: Хермес
040 _aBLK
041 _aBUL
_cBUL
072 7 _2bullib
_aН83
_xЧужда художествена литература Н
080 _aАмериканска литература (на САЩ)
_b821.111(73)
_x-312.4
_z821.111(73)-312.4
100 1 _aЛоуел, Елизабет
_eпърви автор
_989657
700 1 _aСтоилова, Пепа Стоилова
_eпрев. от англ.
_9364979
139 _aЛоуел, Елизабет
_bЛ 84
245 1 0 _aКрасива саможертва
_bРоман
_cЕлизабет Лоуел; прев. от англ. Пепа Стоилова Стоилова.
257 _aUSA
260 Пловдив
_bХермес
_c2012
_fХасково : Полиграфюг
300 _a384 с.
_c20 см
380 _aX
490 1 _aМегаселър
500 _aОриг. загл. Beautiful sacrifice / Elizabeth Lowell
659 _aН
852 _aЦб 256903
856 4 _qpdf
_u
856 4 _qpdf
_u
942 _cKNG
_n0
_093
944 _aCR
_c23.11.2012
_lМартин Енчев
_k30575
944 _aED
_c22.04.2014
_lф /
_k
999 _c130655
_d130655